Science Quiz

Random Science or Anatomy Quiz

Canine Head Anatomy Quiz Stats

 Plays Quiz not verified by Sporcle

Also try: Animals in Snow
Challenge
Share
Tweet
Score 0/6 Timer 05:00
0 Plays Today
Structure Answer % Correct
3hard palate
85.3%
6soft palate
85.3%
1incisive papilla
41.3%
2interdental space
30.7%
4palatine ridges
22.7%
5parotid duct opening
18.7%

You're not logged in!

Compare scores with friends on all Sporcle quizzes.
Join for Free
OR
Log In

You Might Also Like...

Show Comments

Extras

Top Quizzes Today


Score Distribution

Your Account Isn't Verified!

In order to create a playlist on Sporcle, you need to verify the email address you used during registration. Go to your Sporcle Settings to finish the process.

Report this User

Report this user for behavior that violates our Community Guidelines.

Details: